Studies on the progenies of a Hevea mutant (Record no. 69725)

MARC details
000 -LEADER
fixed length control field 00348nam a2200133Ia 4500
100 ## - MAIN ENTRY--AUTHOR NAME
Personal name Markose V C
245 #0 - TITLE STATEMENT
Title Studies on the progenies of a Hevea mutant
260 ## - PUBLICATION, DISTRIBUTION, ETC. (IMPRINT)
Name of publisher Placrosym IV, Mysore, 1981
Year of publication 1981
700 ## - ADDED ENTRY--PERSONAL NAME
Personal name George P J
700 ## - ADDED ENTRY--PERSONAL NAME
Personal name Licy J
700 ## - ADDED ENTRY--PERSONAL NAME
Personal name Saraswathyamma C K
942 ## - ADDED ENTRY ELEMENTS (KOHA)
Koha item type Journals
Holdings
Withdrawn status Lost status Damaged status Not for loan Home library Current library Shelving location Date acquired Koha item type
      Journals RRII Library RRII Library Botany 17/12/2021 Journals